00278nam a2200121Ia 4500003000400000005001700004008004100021020001900062040002000081100001400101245003300115260000800148OSt20240322143149.0170523s9999 xx 000 0 und d a978-0131862142 cIIMT UNIVERSITY aNARSINHAN 0aPRODUCT PLANNING & INVENTORY bPHI